000 00485nam a22001817a 4500
003 CEME
005 20210628202556.0
008 210119b xxu||||| |||| 00| 0 eng d
020 _a1-55963-578-9
040 _cceme
082 _a590.92 DIN
100 _aDinerstein, Eric
_960552
245 _aTigerland and other uninteneded destination
260 _aUSA
_bISLAND PRESS
_c2005
300 _a279P
650 _aENDANGERED ECOSYSTEMS.CONSERVATION BIOLOGY
_960553
942 _cBK
_2ddc
999 _c570254
_d570254